1581 1412 1814 1243 1778 1443 1693 1463 1090 1499 1751 1579 1475 1779 1784 1353 1407 1070 1284 1101 1367 1499 1084 1308 1669 1302 1453 1792 1373 1748 1140 1522 1866 1768 1906 1211 1413 1333 1673 1672 1448 1762 1855 1828 1124 1384 1676 1813 1499 1691 1449 1678 1612 1360 1652 1627 1006 1000 1944 1088 1403 1332 1379 1620 1725 1284 1212 1035 1973 1109 1427 1724 1126 1294 1552 1136 1856 1034 1613 1114 1966 1511 1360 1002 1943 1958 1850 1804 1406 1045 1481 1915 1651 1573 1604 1602 1085 1748 1661 BCNSPRNW ULIB Ver.6.0+V

เปลี่ยนเป็นภาษาไทย

Change to English
 แสดงรายละเอียดบรรณานุกรม
  กลับหน้าหลัก

Brief Record : Get Marc (ISO 2709) : E-mail record : QR code < ปิดหน้าต่าง
LEADER : 00000nam 2200000uu 4500
001    13399111991
003     ULIB
008    110714s2552||||th 000 0 tha d
020    6160600014
090    นว.^bH111p 2552
100 0   Hideko_Sunshine
245 00 Prince of War เสี่ยงรักปฏิวัติหัวใจ/^c Hideko_Sunshine
250    พิมพ์ครั้งที่ 1
260    กรุงเทพฯ :^bแจ่มใส,^c2552
300    260 หน้า
945    ^p189^l0^i026739
995     เกษร
999     ^aใช้งานได้ทุกระบบ
รายการนี้ยังไม่มีแท็ก
คุณยังไม่ได้ล็อกอิน คุณสามารถมีกิจกรรมร่วมกับเว็บไซต์ได้ แต่ต้องล็อกอินก่อน ::
  ล็อกอิน

รายการสื่อสารสนเทศ

ลำดับที่ ประเภท เลขเรียก/บาร์โค้ด สถานที่ สถานะ
1. นวนิยาย
นวนิยาย
นว. H111p 2552  
  Barcode: 026739
ห้องสมุดวิทยาเขตสวรรค์ประชารักษ์
►นวนิยาย
บนชั้น
  ขอยืม

BibComment


ยังไม่เคยถูกคอมเมนท์

คอมเมนท์ทรัพยากรรายการนี้
  คอมเมนท์: Prince of War เสี..


 Copyright 2026. Bcnsprnw @Library